| 000 | 01609cam a2200457 a 4500 | ||
|---|---|---|---|
| 001 | 597029 | ||
| 003 | OSt | ||
| 005 | 20251112094544.0 | ||
| 008 | 910215s1992 paua b 001 0 eng c | ||
| 010 | _a 91010558 | ||
| 020 |
_a0397510489 _qone v. ed. |
||
| 020 |
_a0397510373 _qtwo v. ed. : set |
||
| 020 |
_a0397512244 _qtwo v. ed. : v. 1 |
||
| 020 |
_a0397512252 _qtwo v. ed. : v. 2 |
||
| 020 |
_a9780397510481 _q(one v. ed.) |
||
| 020 |
_a9780397510375 _q(two v. ed. : set) |
||
| 020 |
_a9780397512249 _q(two v. ed. : v. 1) |
||
| 020 |
_a9780397512256 _q(two v. ed. : v. 2) |
||
| 035 | _a597029 | ||
| 040 |
_aDNLM/DLC _cDLC _dDLC |
||
| 050 | 0 | 0 |
_aRC46 _b.T329 1992 |
| 060 | _aWB 115 T355 | ||
| 082 | 0 | 0 |
_a616 _220 |
| 100 | _aVincent T.DeVita,Jr [et al} | ||
| 245 | 0 | 0 |
_aTextbook of internal medicine / _ceditor-in-chief, William N. Kelley ; editors, Vincent T. DeVita, Jr. ... [et al.] ; 529 contributors. |
| 250 | _a2nd ed. | ||
| 260 |
_aPhiladelphia : _bLippincott, _cc1992. |
||
| 300 |
_axlviii, 2441, 182 p. : _bill. (some col.) ; _c29 cm. |
||
| 336 |
_atext _btxt _2rdacontent |
||
| 337 |
_aunmediated _bn _2rdamedia |
||
| 338 |
_avolume _bnc _2rdacarrier |
||
| 504 | _aIncludes bibliographical references and index. | ||
| 650 | 0 | _aInternal medicine. | |
| 650 | 2 | _aInternal Medicine. | |
| 700 | 1 |
_aKelley, William N., _d1939- |
|
| 740 | 0 | _aInternal medicine. | |
| 906 |
_a7 _bcbc _corignew _d1 _eocip _f19 _gy-gencatlg |
||
| 942 |
_2lcc _cBK |
||
| 999 |
_c265132 _d265131 |
||